[Event "HUN-chT2 0102"]
[Site "Hungary"]
[Date "2001.11.18"]
[Round "3"]
[White "Schroter, Tamas"]
[Black "Zsedely, Ferenc"]
[Result "1/2-1/2"]
[WhiteElo "2238"]
[BlackElo "2049"]
[PlyCount "137"]
[EventDate "2001.??.??"]
[EventType "team"]
[EventRounds "11"]
[EventCountry "HUN"]
[SourceTitle "EXT 2004"]
[Source "ChessBase"]
[SourceDate "2003.11.25"]
[SourceVersion "1"]
[SourceVersionDate "2003.11.25"]
[SourceQuality "1"]

1. d4 g6 2. c4 Bg7 3. Nc3 c5 4. d5 d6 5. e4 Nf6 6. Bd3 0-0 7. h3 e6 8. Nf3 Re8 9. 0-0 exd5 10. cxd5 a6 11. a4 Nbd7 12. Re1 Rb8 13. Bf4 Ne5 14. Nxe5 dxe5 15. Bg5 Qd6 16. a5 Bd7 17. Na4 Bxa4 18. Rxa4 Nd7 19. Qe2 h6 20. Bd2 Rec8 21. Rb1 Bf8 22. Be3 Qc7 23. Qd2 Kh7 24. Rc1 Qd6 25. Be2 Nf6 26. f4 b5 27. axb6 Rxb6 28. Rca1 a5 29. Bf3 Rb4 30. Rxa5 Nxe4 31. Bxe4 Rxe4 32. Ra6 Qd8 33. d6 exf4 34. Bxf4 Rd4 35. Qf2 Bg7 36. Ra7 Kg8 37. Bxh6 Bf6 38. Bf4 Rxd6 39. Kh1 Rd1+ 40. Rxd1 Qxd1+ 41. Kh2 Re8 42. Bg3 Qd4 43. b3 Re3 44. Ra4 Qc3 45. Rc4 Qxb3 46. Rxc5 Bd4 47. Rc8+ Kg7 48. Qd2 Re4 49. Bd6 Qe6 50. Rd8 Be5+ 51. Bxe5+ Qxe5+ 52. Kg1 Qa1+ 53. Kh2 Qe5+ 54. Kg1 Qa1+ 55. Kh2 Qe5+ 56. Kg1 Qc5+ 57. Kh2 Qe5+ 58. Kg1 Re1+ 59. Kf2 Re4 60. Kg1 Ra4 61. Kf2 Qc5+ 62. Kg3 Qe5+ 63. Kf2 Qc5+ 64. Kg3 Ra3+ 65. Kh2 Qe5+ 66. Kg1 Ra1+ 67. Kf2 Qf5+ 68. Kg3 Qe5+ 69. Kf2 1/2-1/2

[Event "Alfoeld Cup op"]
[Site "Hajduszoboszlo"]
[Date "2000.??.??"]
[Round "1"]
[White "Baranyai, Szabolcs Jr"]
[Black "Zsedely, Ferenc"]
[Result "1-0"]
[WhiteElo "2225"]
[BlackElo "2060"]
[PlyCount "55"]
[EventDate "2000.08.??"]
[EventType "swiss"]
[EventRounds "9"]
[EventCountry "HUN"]
[SourceTitle "EXT 2004"]
[Source "ChessBase"]
[SourceDate "2003.11.25"]
[SourceVersion "1"]
[SourceVersionDate "2003.11.25"]
[SourceQuality "1"]

1. e4 g6 2. d4 Bg7 3. Nc3 c5 4. dxc5 Nc6 5. Bd3 Qa5 6. Nge2 Nf6 7. Be3 0-0 8. 0-0 Ng4 9. Qd2 Nxe3 10. Qxe3 Ne5 11. h3 Re8 12. a3 e6 13. b4 Qd8 14. Rad1 d5 15. cxd6 Nxd3 16. Qxd3 Bd7 17. Nb5 Rc8 18. Nxa7 Qb6 19. Nxc8 Rxc8 20. c4 Qa6 21. Rc1 Bb2 22. Rc2 Qxa3 23. Qxa3 Bxa3 24. Rb1 b5 25. Ra2 Bxb4 26. Rxb4 bxc4 27. Rc2 Ra8 28. Rcxc4 1-0

[Event "Alfoeld Cup op"]
[Site "Hajduszoboszlo"]
[Date "2000.??.??"]
[Round "9"]
[White "Kocsor, Robert"]
[Black "Zsedely, Ferenc"]
[Result "0-1"]
[WhiteElo "2030"]
[BlackElo "2060"]
[PlyCount "40"]
[EventDate "2000.08.??"]
[EventType "swiss"]
[EventRounds "9"]
[EventCountry "HUN"]
[SourceTitle "EXT 2004"]
[Source "ChessBase"]
[SourceDate "2003.11.25"]
[SourceVersion "1"]
[SourceVersionDate "2003.11.25"]
[SourceQuality "1"]

1. e4 g6 2. d4 Bg7 3. Nc3 c5 4. Nf3 Nc6 5. Be2 cxd4 6. Nd5 e6 7. Nf4 Nge7 8. 0-0 d5 9. exd5 Nxd5 10. Bb5 0-0 11. Bxc6 Nxf4 12. Bxb7 Nh3+ 13. gxh3 Bxb7 14. Bf4 Qd5 15. Kg2 e5 16. Bg3 e4 17. Ne1 f5 18. Bf4 Rfe8 19. f3 Re6 20. h4 Rae8 0-1